Vista normal
Vista MARC
Entrada Materia (geográfica)
Número de registros utilizados en: 1
001 - CONTROL NUMBER
- control field: 122811
003 - CONTROL NUMBER IDENTIFIER
- control field: Co-BoUCM
005 - DATE AND TIME OF LATEST TRANSACTION
- control field: 20211020093546.0
008 - FIXED-LENGTH DATA ELEMENTS
- fixed length control field: 211020|| aca||aabn | a|a d
040 ## - CATALOGING SOURCE
- Original cataloging agency: Co-BoUCM
- Transcribing agency: Co-BoUCM
151 ## - HEADING--GEOGRAPHIC NAME
- Geographic name: Boyacá (Colombia)
- General subdivision: Historia
- General subdivision: Descubrimiento y conquista
- Chronological subdivision: 1499-1550
670 ## - SOURCE DATA FOUND
- Source citation: Work cat.: (Co-BoUCM)29343: Peralta Barrera, Napoleón 122810, El país de los Muzos, 1998